00241nam a2200109Ia 4500008004100000041001200041082001100053100002200064245002100086260001600107650000800123221030s9999 xx 000 0 und d aEnglish a105.23 aPankaj Sharma/107 0aJ M C Beverage aJAMMUc2006 aMCA